00560nam a2200133Ia 4500008004100000100002400041245008300065260008400148300001800232650001400250856007000264999001900334952007300353160712s9999 xx 000 0 und d aTorres-Yu, Rosario. cRosario Torres-YuaUsapin ng Kapangyarihan at Muling Pagsasalaysay ng Carancal c2015bLagda: Journal ng U.P. Departamento ng Filipino at Panitikan ng Pilipinas avol. 10 no. 1 xPANITIKAN uhttp://journals.upd.edu.ph/index.php/lagda/issue/view/545/showToc c297099d297099 001040aCLbCLd2016-07-12l0r2016-07-12 00:00:00w2016-07-12yFEJ